Новая концепция использования компетенций производства полипропилена ООО "Томскнефтехим" в корпоративных целях; Пластические массы; № 11

Библиографические подробности
Источник:Пластические массы: научно-технический журнал.— , 1959-
№ 11.— 2011.— [С. 3-5]
Главный автор: Климов И. Г.
Другие авторы: Майер Э. А. Эдуард Александрович
Примечания:Заглавие с экрана
На основании оценки накопленных технических компетенций по развитию отечественных технологий выпуска марочного ассортимента полиолефинов предлагаются варианты создания новых наукоемких производств, специализации производственной программы в условиях планируемого профицита полипропилена на рынке, консолидации научно-технических работ.
Режим доступа: по договору с организацией-держателем ресурса
Язык:русский
Опубликовано: 2011
Предметы:
Online-ссылка:http://elibrary.ru/item.asp?id=17310495
Формат: MixedMaterials Электронный ресурс Статья
Запись в KOHA:https://koha.lib.tpu.ru/cgi-bin/koha/opac-detail.pl?biblionumber=641777

MARC

LEADER 00000naa0a2200000 4500
001 641777
005 20250403130310.0
035 |a (RuTPU)RU\TPU\network\6694 
090 |a 641777 
100 |a 20150602d2011 k||y0rusy50 ca 
101 0 |a rus 
102 |a RU 
135 |a drnn ---uucaa 
181 0 |a i  
182 0 |a b 
200 1 |a Новая концепция использования компетенций производства полипропилена ООО "Томскнефтехим" в корпоративных целях  |d Comparing the influence of the manufacturing process employed on the structure and properties of lowdensity polyethylene  |f И. Г. Климов, Э. А. Майер 
203 |a Текст  |c электронный 
300 |a Заглавие с экрана 
320 |a [Библиогр.: с. 5 (5 назв.)] 
330 |a На основании оценки накопленных технических компетенций по развитию отечественных технологий выпуска марочного ассортимента полиолефинов предлагаются варианты создания новых наукоемких производств, специализации производственной программы в условиях планируемого профицита полипропилена на рынке, консолидации научно-технических работ. 
333 |a Режим доступа: по договору с организацией-держателем ресурса 
461 |t Пластические массы  |o научно-технический журнал  |d 1959- 
463 |t № 11  |v [С. 3-5]  |d 2011 
510 1 |a Comparing the influence of the manufacturing process employed on the structure and properties of lowdensity polyethylene  |z eng 
610 1 |a электронный ресурс 
610 1 |a труды учёных ТПУ 
610 1 |a производство 
610 1 |a полипропилен 
610 1 |a процесс 
610 1 |a концепция развития 
700 1 |a Климов  |b И. Г. 
701 1 |a Майер  |b Э. А.  |c химик  |c профессор Томского политехнического университета, кандидат химических наук  |f 1954-  |g Эдуард Александрович  |3 (RuTPU)RU\TPU\pers\30185  |9 14579 
801 2 |a RU  |b 63413507  |c 20150602  |g RCR 
856 4 |u http://elibrary.ru/item.asp?id=17310495 
942 |c CF